000 00304nam a22001337a 4500
008 181019b xxu||||| |||| 00| 0 eng d
020 _a9780495559016
041 _aeng
080 _a612.39
100 _a10
101 _aNUT
245 _aCommunity Nutrtion In action
_cBoyle.M.A
942 _2udc
_cBK
999 _c50219
_d50219